| 000 | 00344nam a2200145Ia 4500 | ||
|---|---|---|---|
| 008 | 150201s1989 xx 000 0 und d | ||
| 082 |
_a617.672 _bF1989D |
||
| 100 | _aDAWSON | ||
| 245 | _aFUNCTIONAL OCCLUSION : FROM TMJ | ||
| 250 | _a1ST | ||
| 260 |
_bMOSBY _aDELHI _c1989 |
||
| 300 | _a1-630 | ||
| 650 | _aPROSTHODONTICS | ||
| 942 |
_2ddc _cBK _02 |
||
| 999 |
_c4125 _d4125 |
||